Análisis del consumo eléctrico en edificios de la UCR
Guardat en:
| Autor principal: | |
|---|---|
| Altres autors: | |
| Format: | Llibre |
| Idioma: | Spanish |
| Publicat: |
[San José ], Costa Rica
2016
|
| Matèries: | |
| Etiquetes: |
Afegir etiqueta
Sense etiquetes, Sigues el primer a etiquetar aquest registre!
|
MARC
| LEADER | 00000nam a22000007a 4500 | ||
|---|---|---|---|
| 003 | 012723 | ||
| 005 | 20231128092908.0 | ||
| 008 | 171009b2016 cr a|||| m||| 00| ||spa d | ||
| 040 | |c cru CEDI | ||
| 090 | |a TFG 7874 | ||
| 100 | |a Salcedo Bolaños, Adrián José, 1992- |9 520 | ||
| 245 | |a Análisis del consumo eléctrico en edificios de la UCR | ||
| 260 | |a [San José ], Costa Rica |c 2016 | ||
| 300 | |a xiii, 89 hojas ; ilustraciones a color | ||
| 500 | |a "IE-0499 Proyecto eléctrico”, Proyecto de graduación (bachillerato en ingeniería eléctrica)--Universidad de Costa Rica. Facultad de Ingeniería. Escuela de Ingeniería Eléctrica | ||
| 501 | |a Profesor Guía de IE-0499 Proyecto Eléctrico: Ing. Oldemar Ramírez Rodríguez | ||
| 650 | |x CONTROL DE CALIDAD |x INSTALACIONES ELECTRICAS - EVALUACION |x DISTRIBUCION DE ENERGIA ELECTRICA |x SISTEMAS DE ENERGIA ELECTRICA - EVALUACION |x EDIFICIOS - ABASTECIMIENTO DE ENERGIA |x INSTALACIONES ELECTRICAS - EQUIPO ELECTRICO |9 10091 | ||
| 700 | |a Ramírez Rodríguez, Oldemar, 1974- |d Director de Proyecto Eléctrico |9 1891 | ||
| 942 | |c TFG |h TFG 7874 |i 012723 |6 TFG_7874_012723000000000 | ||
| 999 | |c 19097 |d 19097 | ||
